Statistics for Premier League Teams 23/24 - Brighton and Hove Albion

Click here to take the quiz!

General Stats

  • This quiz has been taken 7 times
  • The average score is 10 of 21

Answer Stats

QuestionAnswer% Correct
Which company sponsors their kit?American Express
100%
What is their nickname?The Seagulls
100%
How many top division titles have they won?0
86%
What is the colour of their home kit?Blue and White
86%
Which team is their closest rival?Crystal Palace
86%
Which year did they win their most recent top division title?NoTitles
86%
Who is their head Coach?Roberto De Zerbi
86%
How many consecutive seasons in the top division?Seven
86%
Their record home attendance was against Luton Town in 2023. How many were there. (To the nearest 1,000)31,872
71%
What is the name of their stadium?Falmer Stadium
71%
Who is the owner of the club? (If more than one owner, use the person/company with the majority stake)Tony Bloom
71%
Who is the chairman?Tony Bloom
71%
Their biggest loss was against Middlesbrough in 1958. What was the score?0-9
14%
With 123 goals, who is their record goal scorer?Tommy Cook
14%
Their oldest first team player was 44 years, 45 days. Who was it?Dave Beasant
0%
With 566 games, who has played the most for them?Ernie “Tug” Wilson
0%
Their youngest first team player was only 16 years, 13 days. What was his name?Jake Forster-Caskey
0%
Their record league win was 11–1 in 1951 and 1965. Name either team they were against.Newport County Southend United
0%
...and what does it mean in English?We never give up
0%
What is their team slogan?We never give up
0%
Their record cup win was 10-1 in 1965. Who was it against?Wisbech Town
0%

Score Distribution

Percentile by Number Answered

Percent of People with Each Score

Your Score History

You have not taken this quiz